Olivos
Descripción Física:
volums ; 24 cm
Idioma:
Español
MARC
| LEADER | 00000nas a2200000 a 4500 | ||
|---|---|---|---|
| 001 | 29014 | ||
| 003 | AGDB | ||
| 005 | 20260324180155.0 | ||
| 008 | 160829s1929- xx 000 0 cat d | ||
| 041 | |a spa | ||
| 080 | |a Revistes | ||
| 245 | |a Olivos | ||
| 260 | |a Madrid : |b Asociación Nacional de Olivareros de España, |c 1929- | ||
| 300 | |a volums ; |c 24 cm | ||
| 590 | |a Mensual. | ||
| 590 | |a Descripció basada en: Núm. 30 (jul. 1929). | ||
| 590 | |a El núm. 30 prové de Q-502 | ||
| 650 | |a Olivera |x Revistes |9 48521 | ||
| 650 | |a Agricultura |x Revistes |9 28453 | ||
| 710 | 2 | |9 70348 |a Asociación de Olivareros de España | |
| 866 | |a any 3, 1929 (30) | ||
| 901 | |a Arxiu | ||
| 942 | |n 1 |2 udc |c ARXIU | ||
| 952 | |0 0 |1 0 |2 udc |4 0 |6 REV2389 |7 1 |9 54622 |a Arxiu |b Arxiu |d 2016-12-01 |h Núm. 30 (1929) |l 0 |o Rev-2389 |p 29014 |r 2016-12-01 00:00:00 |w 2016-12-01 |y ARXIU | ||
| 999 | |c 58491 |d 58491 | ||